LIBRARY & INFORMATION CENTRE, KCAET, TAVANUR

ONLINE PUBLIC ACCESS CATALOGUE (OPAC)

Kudumbasamvidhanam / (Record no. 6357)

MARC details
000 -LEADER
fixed length control field 00448cam a2200181ua 4500
041 ## - LANGUAGE CODE
Language code of text/sound track or separate title mal
082 ## - DEWEY DECIMAL CLASSIFICATION NUMBER
Classification number 306.85
Item number CHA/KU
100 ## - MAIN ENTRY--AUTHOR NAME
Personal name Chandra Sekhar, S .
245 ## - TITLE STATEMENT
Title Kudumbasamvidhanam /
260 ## - PUBLICATION, DISTRIBUTION, ETC. (IMPRINT)
Place of publication Eranakulam :
Name of publisher Deepam Publishing Company ,
Year of publication 1959.
300 ## - PHYSICAL DESCRIPTION
Number of Pages 151 ; .
942 ## - ADDED ENTRY ELEMENTS (KOHA)
Koha item type Books
Holdings
Withdrawn status Lost status Damaged status Home library Current library Date acquired Full call number Accession Number Koha item type
Withdrawn     KAUAET Sanskrit University 07/04/2012 306.85 842 Books
Withdrawn     KAUAET Sanskrit University 07/04/2012 306.85 2604 Books
free website counter